000 00360 a2200169 4500
001 184370
020 _a85-329-0273-1
040 _cMagnum
100 _aBrandão, Guiomar Paiva
240 1 0 _aO regime da lua
_lpor
245 1 0 _aO regime da lua
300 _a28
362 0 _a1998
440 1 _a
697 _aLITERATURA INFANTO-JUVENIL
942 _cBK
999 _c184370
_d184370